Social movements, media and civil society in contemporary India: Historical trajectories of public protest and political mobilisation (Record no. 394607)

MARC details
000 -LEADER
fixed length control field 00790 a2200241 4500
005 - DATE & TIME
control field 20260121101549.0
008 - FIXED-LENGTH DATA ELEMENTS--GENERAL INFORMATION
fixed length control field 260120b |||||||| |||| 00| 0 eng d
020 ## - ISBN
International Standard Book Number 9783031469497
Price Rs. 1595.00
040 ## - CATALOGING SOURCE
Original cataloging agency VIVEKANANDA LIBRARY
082 ## - DDC NUMBER
Classification number 303.4840954
Book Number P97S
100 ## - MAIN ENTRY--PERSONAL NAME
Personal name Purakayastha, Anindya Sekhar
245 ## - TITLE STATEMENT
Title Social movements, media and civil society in contemporary India: Historical trajectories of public protest and political mobilisation
260 ## - PUBLICATION, DISTRIBUTION, ETC. (IMPRINT)
Name of publisher, distributor, etc Palgrave Macmillan
Date of publication, distribution, etc 2024
Place of publication, distribution, etc Switzerland
300 ## - PHYSICAL DESCRIPTION
Pages xiii, 203
440 ## - Series Statement
Series Title Palgrave Studies in the History of Social Movements
650 ## - Subject
Subject Sociology
650 ## - Subject
Subject Social Movements
650 ## - Subject
Subject Social Processes
650 ## - Subject
Subject Civil Society-India
700 ## - Added Entry Personal Name
Added Entry Personal Name Dutta, Manas
700 ## - Added Entry Personal Name
Added Entry Personal Name Ghosh, Tirthankar
942 ## - ADDED ENTRY ELEMENTS (KOHA)
Koha item type Books
Holdings
Withdrawn status Lost status Source of classification or shelving scheme Damaged status Not for loan Location (home branch) Sublocation or collection (holding branch) Shelving location Date acquired Koha issues (times borrowed) Koha full call number Accession No. Koha date last seen Koha item type
    Dewey Decimal Classification     VIVEKANANDA LIBRARY VIVEKANANDA LIBRARY Vivekananda Library 16/12/2025   303.4840954 P97S 443695 16/12/2025 Books
© Designed and Maintained by Vivekananda Library, MDU Rohtak